[Event "RUS-ch Men Rapid 2019"]
[Site "Sochi"]
[Date "2019.10.16"]
[Round "7.16"]
[White "Ponkratov, Pavel"]
[Black "Remizov, Yaroslav"]
[Result "1/2-1/2"]
[WhiteElo "2621"]
[BlackElo "2394"]
[Annotator "TA"]
[PlyCount "96"]
[EventDate "2019.10.15"]
[EventType "swiss"]
[EventCountry "RUS"]
[SourceTitle "playchess.com"]
[Source "ChessBase"]
[SourceQuality "1"]

{[%evp 9,96,9,8,13,8,0,14,13,17,-6,-8,2,-3,-37,-43,-28,-20,-31,-59,-47,-35,-115,-117,-121,-114,-135,-91,-115,-94,-82,-87,-111,-103,-163,-42,-38,-42,-37,-17,-72,-61,-64,-63,-239,-253,-289,-296,-296,-297,-295,-290,-296,-293,-299,-277,-252,-239,-216,-108,-115,-115,-112,-125,-129,0,-394,-252,-241,-153,-129,-122,-108,-33,-34,0,-9,0,0,0,0,0,0,0,0,0,0,0,0,0]} 1. c4 e6 2. Nc3 d5 3. e3 Nf6 4. Nf3 Nbd7 5. b3 b6 6. Bb2 {A17: English Opening: 1...Nf6 with ...Bb4} Bb7 7. d4 (7. Be2 a6 8. O-O Bd6 9. d4 O-O 10. a4 c5 11. h3 Re8 12. Re1 h6 {0-1 (29) Cori,J (2676)-Nihal,S (2610) Khanty-Mansiysk 2019}) 7... c5 8. cxd5 Nxd5 9. dxc5 $146 ({Predecessor:} 9. Nxd5 Bxd5 10. Bd3 cxd4 11. Bxd4 {0-1 (46) Zimmermann,J-Korsus,B Germany 1998}) 9... Bxc5 10. Nxd5 Bxd5 11. Bxg7 Bb4+ 12. Nd2 Rg8 13. Bd4 e5 14. Bb2 $1 Nc5 $36 {[%mdl 2048] Black has the initiative.} 15. a3 ({White should try} 15. Qe2 $1 $15 Qd7 16. O-O-O) 15... Bxb3 $1 $17 16. Qc1 Bxd2+ 17. Qxd2 Qxd2+ 18. Kxd2 O-O-O+ 19. Ke1 f6 20. Rc1 Kb7 21. h4 (21. Be2 $17) 21... Nd3+ ({Better is} 21... Rc8 $19 22. g3 Bd5) 22. Bxd3 $1 $15 Rxd3 23. Ke2 Rgd8 24. Bc3 (24. Bd4 $11 {remains equal.} e4 25. Ra1) 24... Bc4 $17 25. Kf3 Bd5+ 26. Kg4 $2 ({White must play} 26. Ke2 $15 Bxg2 27. Rhg1) 26... Bxg2 $19 27. Rhg1 {[#]} Rxc3 $1 {[%mdl 512]} 28. Rxc3 {[%mdl 4096] Endgame KRR-KRB} Rg8+ 29. Kf5 Bh3+ {[%mdl 64] Discovered Attack} 30. Kxf6 Rxg1 31. Kxe5 {KRB-KR} Rg4 32. f4 Rxh4 33. f5 Bg2 (33... b5 $19 34. f6 Rh5+ 35. Kd6 Rf5 36. Rc7+ Kb6) 34. f6 $17 Rh5+ 35. Kd6 {[#]} Rf5 $1 {[%cal Rf5f6]} 36. Ke6 Bh3 (36... Be4 $17 {Hoping for ...Rf3.} 37. f7 h5) 37. Kf7 $2 {[%mdl 8192]} (37. f7 $11) 37... Re5 38. Kg7 {intending f7.} Be6 39. f7 Bxf7 40. Kxf7 {KR-KR} h5 (40... Rf5+ $17 41. Kg7 Rf2 42. Kxh7 Rg2) 41. Kf6 $15 Rc5 (41... Re8 {with more complications.} 42. Kf5 Rh8 43. e4 h4 44. Rh3 Kc6) 42. Rd3 {The position is equal.} h4 {Threatens to win with ...h3.} 43. e4 Rc6+ 44. Kf7 Rh6 45. e5 $1 {[%cal Re5e6] And now e6 would win.} h3 46. Rd1 {e6 is the strong threat.} h2 47. Rh1 Rh7+ 48. Kg6 Rh3 {Accuracy: White = 57%, Black = 57%.} 1/2-1/2

[Event "RUS-ch Men Rapid 2019"]
[Site "Sochi"]
[Date "2019.10.16"]
[Round "7.17"]
[White "Triapishko, Alexandr"]
[Black "Linker, Mikhail"]
[Result "1-0"]
[WhiteElo "2514"]
[BlackElo "2269"]
[Annotator "ChessBase"]
[PlyCount "45"]
[EventDate "2019.10.15"]
[EventType "swiss"]
[EventCountry "RUS"]
[SourceTitle "playchess.com"]
[Source "ChessBase"]
[SourceQuality "1"]
[TimeControl "900+10"]

1. Nf3 {[%emt 0:00:20]} Nf6 {[%emt 0:00:00]} 2. g3 {[%emt 0:00:12]} g6 {[%emt 0:00:00]} 3. b3 {[%emt 0:00:28]} Bg7 {[%emt 0:00:03]} 4. Bb2 {[%emt 0:00:01]} d5 {[%emt 0:00:16]} 5. c4 {[%emt 0:00:25]} O-O {[%emt 0:00:47]} 6. cxd5 {[%emt 0:00:33]} Qxd5 {[%emt 0:01:04]} 7. Bg2 {[%emt 0:00:27]} c5 {[%emt 0:00:32]} 8. Nc3 {[%emt 0:00:31]} Qh5 {[%emt 0:00:35]} 9. h3 {[%emt 0:00:59]} Nc6 {[%emt 0:01:16]} 10. g4 {[%emt 0:00:36]} Nxg4 {[%emt 0:00:33]} 11. hxg4 {[%emt 0:00:05]} Qxg4 {[%emt 0:00:01]} 12. Kf1 {[%emt 0:01:16]} Rd8 {[%emt 0:02:46]} 13. Rh4 {[%emt 0:02:40]} Qd7 {[%emt 0:00:19]} 14. d3 {[%emt 0:02:57]} b6 {[%emt 0:01:07]} 15. Qd2 {[%emt 0:00:07]} Bb7 {[%emt 0:00:07]} 16. Ne4 {[%emt 0:02:42]} e5 {[%emt 0:01:10]} 17. Qg5 {[%emt 0:00:46]} Qe6 {[%emt 0:00:04]} 18. Rh3 {[%emt 0:01:20]} f5 {[%emt 0:00:53]} 19. Qh4 {[%emt 0:00:07]} h6 {[%emt 0:00:04]} 20. Neg5 {[%emt 0:00:25]} Qe7 {[%emt 0:00:01]} 21. Qc4+ {[%emt 0:00:05]} Kh8 {[%emt 0:00:40]} 22. Nf7+ {[%emt 0:00:04]} Kh7 {[%emt 0:00:02]} 23. N3g5+ {[%emt 0:00:05] Nb8} 1-0

[Event "RUS-ch Men Rapid 2019"]
[Site "Sochi"]
[Date "2019.10.16"]
[Round "7.18"]
[White "Savchenko, Boris"]
[Black "Shubin, Kirill"]
[Result "1-0"]
[WhiteElo "2581"]
[BlackElo "2416"]
[Annotator "TA"]
[PlyCount "75"]
[EventDate "2019.10.15"]
[EventType "swiss"]
[EventCountry "RUS"]
[SourceTitle "playchess.com"]
[Source "ChessBase"]
[SourceQuality "1"]

{[%evp 9,75,11,43,1,12,4,8,2,137,1,18,10,12,-18,43,62,55,54,125,108,121,115,127,117,232,229,208,219,272,280,279,233,283,292,285,290,280,244,242,231,237,237,229,180,173,152,165,154,157,135,140,128,333,333,312,319,292,249,402,379,407,378,611,579,610,558,645,643]} 1. e4 e6 2. d4 d5 3. Nc3 Bb4 4. e5 b6 5. a3 Bf8 (5... Bxc3+ $5 6. bxc3 Ne7 $11) 6. Nh3 {C16: French: 3 Nc3 Bb4 4 e5: Lines without ...c5} (6. h4 Qd7 7. h5 h6 8. f4 Ne7 9. Nf3 Ba6 10. Bxa6 Nxa6 11. Be3 O-O-O 12. Qe2 Kb7 13. Bf2 Rc8 14. b4 {0-1 (61) Saric,I (2669)-Jussupow,A (2582) Katowice 2017}) 6... c5 $146 ({Predecessor:} 6... Qd7 7. Be3 Ne7 8. f4 h5 9. b4 Nf5 10. Bf2 Nc6 11. Ng5 g6 12. Bd3 Nce7 13. Qf3 Bb7 {1-0 (47) Daggupati,B (2257)-Ruiz Castillo,J (2459) Burlingame 2019}) 7. Ne2 Nc6 8. c3 {The position is equal.} f6 (8... c4 $11) 9. f4 ({Only move:} 9. Nef4 $1 $16) 9... Ba6 10. Qa4 Qc8 11. b4 {Threatens to win with b5.} cxb4 ({Black should try} 11... Bc4 $11) 12. axb4 $14 Bc4 13. Ng3 $36 {[%mdl 2048] And now Bxc4 would win. White has good play.} b5 {[#]} (13... Bxf1 $1 $14 14. Rxf1 (14. Nxf1 Be7 $14) (14. Kxf1 g6 $11) 14... g6) 14. Qa6 $1 $16 Bxf1 15. Rxf1 Qxa6 16. Rxa6 Nge7 {[#]} (16... Rc8 $16) 17. exf6 $1 $18 gxf6 18. f5 exf5 19. Nxf5 Kd7 20. Ne3 Re8 21. Kd1 Bh6 22. Ng4 ({But not} 22. Rxf6 Bxe3 23. Bxe3 Ref8 $18) 22... Bg7 23. Nxf6+ Bxf6 24. Rxf6 Rhf8 25. Rxf8 Rxf8 26. Ke2 Nc8 27. Ng5 h5 28. g3 Nb6 29. Nf3 Re8+ 30. Kd3 Na4 $2 (30... Nc4 $16 31. Ra1 Kc8) 31. Ne5+ $1 Nxe5+ 32. dxe5 Rxe5 {[%mdl 4096] Endgame KRB-KRN} 33. Bf4 Re6 $2 (33... Re1 {keeps fighting.} 34. Rxa7+ Ke6) 34. Rxa7+ Ke8 35. Rb7 Re4 $2 (35... Rc6 36. Rxb5 Rxc3+ 37. Kd4 Rc2) 36. Rxb5 {White is clearly winning.} Nb2+ 37. Kc2 Nc4 {Hoping for ...Na3+.} 38. Kb3 {Accuracy: White = 69%, Black = 32%.} 1-0

[Event "RUS-ch Men Rapid 2019"]
[Site "Sochi"]
[Date "2019.10.16"]
[Round "7.19"]
[White "Potapov, Alexander"]
[Black "Yuffa, Daniil"]
[Result "0-1"]
[WhiteElo "2413"]
[BlackElo "2577"]
[Annotator "TA"]
[PlyCount "84"]
[EventDate "2019.10.15"]
[EventType "swiss"]
[EventCountry "RUS"]
[SourceTitle "playchess.com"]
[Source "ChessBase"]
[SourceQuality "1"]

{[%evp 10,84,45,28,38,15,15,10,10,15,17,23,18,0,12,9,9,-39,-32,-37,-35,-78,-39,-45,-45,-33,0,0,0,-141,0,-163,-134,-134,-135,-143,-110,-147,-147,-147,-141,-130,-140,-136,-139,-168,-105,-115,-118,-125,-108,-108,-109,-117,-110,-110,-110,-111,-104,-104,-105,-103,-88,-104,-104,-118,-36,-29,-22,-20,-20,-20,-20,-20,-20,-33,-21]} 1. d4 Nf6 2. c4 d6 3. Nf3 g6 4. Nc3 Bf5 5. Nh4 Bd7 6. e4 Bg7 {E61: King's Indian: Early deviations for White, including Smyslov System} (6... e5 7. dxe5 dxe5 8. Nf3 Nc6 9. Be2 Bg7 10. O-O O-O 11. h3 Be6 12. Be3 Qxd1 13. Rfxd1 Rfd8 14. Nd5 Nxe4 15. Nxc7 Rac8 16. Nxe6 fxe6 17. Bd3 Nf6 18. Ng5 Nb4 19. Bf1 Nc2 20. Nxe6 Rxd1 21. Rxd1 Nxe3 22. fxe3 {½-½ (97) Li,C (2751)-Mamedov,R (2650) Huaian 2016}) 7. g3 O-O 8. Bg2 $146 ({Predecessor:} 8. f3 a6 9. Bg5 Nc6 10. d5 Ne5 11. f4 Neg4 12. Ng2 b5 13. a3 c5 {1-0 (36) Lazarev,V (2514)-Mollov,E (2402) France 2000}) 8... e5 {The position is equal.} 9. d5 a5 10. O-O Na6 11. h3 Nc5 12. Be3 b6 13. Qd2 Nh5 14. Kh2 {[#]} Nf4 $1 {[%mdl 512]} 15. gxf4 (15. Bxf4 exf4) 15... Qxh4 16. fxe5 $1 Bxe5+ 17. f4 Bxc3 18. Qxc3 Nxe4 19. Qe1 (19. Bxe4 $11 {was the only way to keep the balance.} Qxh3+ 20. Kg1) 19... Qh5 (19... Qxe1 $17 20. Raxe1 f5) 20. Qd1 $2 (20. Bxe4 $11 {and White is okay.} Qxh3+ 21. Kg1) 20... Qxd1 ({Resist} 20... Qh4 21. Qe1 $17) 21. Raxd1 Rfe8 22. Bd4 Re7 23. Bf3 Rae8 24. Rg1 Bf5 25. h4 Nc5 26. Rd2 Re1 27. h5 Nd3 (27... Rxg1 $19 28. Bxg1 gxh5 29. Bxh5 Re4) 28. Kg3 Rxg1+ 29. Bxg1 gxh5 30. Bxh5 Nc5 {[#] White must now prevent ...Ne4+.} 31. Bf3 Ne4+ 32. Bxe4 Rxe4 $17 {[%mdl 4096] Endgame KRB-KRB} 33. Bd4 h5 34. Kh4 Bg4 35. Kg5 f5 36. b3 Kf7 37. a3 Ke7 (37... Re8 $17 38. Rd3 Rg8+ 39. Kh4 Be2) 38. b4 $1 $15 Kd7 39. c5 bxc5 40. bxc5 dxc5 41. Bxc5 Re8 42. Bd4 Rg8+ {[%mdl 32768] Accuracy: White = 49%, Black = 59%. . Loss on time!?} 0-1

[Event "RUS-ch Men Rapid 2019"]
[Site "Sochi"]
[Date "2019.10.16"]
[Round "7.20"]
[White "Yatzenko, Anton"]
[Black "Morozevich, Alexander"]
[Result "1-0"]
[WhiteElo "2383"]
[BlackElo "2659"]
[Annotator "TA"]
[PlyCount "171"]
[EventDate "2019.10.15"]
[EventType "swiss"]
[EventCountry "RUS"]
[SourceTitle "playchess.com"]
[Source "ChessBase"]
[SourceQuality "1"]

{[%evp 10,171,0,-7,-11,-11,3,0,1,-12,-11,-9,11,6,12,12,4,15,25,10,14,0,0,0,9,-7,0,0,45,0,0,0,-3,-14,-12,-5,-11,-25,20,17,13,15,15,0,13,14,19,16,29,19,27,0,0,-12,0,0,0,0,0,0,0,0,0,0,0,0,0,0,0,0,0,0,41,2,6,5,5,4,14,0,0,7,25,36,56,41,68,66,66,60,112,102,108,85,66,0,0,0,0,-7,0,0,16,4,6,0,1,0,24,8,17,0,0,0,191,191,238,238,231,203,198,189,189,182,180,179,179,157,152,152,181,43,75,20,143,127,179,134,150,0,108,95,152,137,126,112,379,367,419,393,649,516,657,650,631,615,1875,1866,4974,2188,2202,1050,1288,960]} 1. d4 d5 2. Nf3 Bf5 3. Bf4 e6 4. e3 Bd6 5. Bg3 Nf6 6. Nbd2 O-O {D02: 1 d4 d5 2 Nf3 sidelines, including 2...Nf6 3 g3 and 2...Nf6 3 Bf4} (6... Ne4 7. Nxe4 Bxe4 8. Nd2 Bg6 9. c4 dxc4 10. Bxc4 O-O 11. Qb3 b6 12. Bd3 Nd7 13. Bxg6 hxg6 14. Rc1 {1-0 (30) Aronian,L (2767)-Giri,A (2782) chess.com INT 2018}) 7. Bd3 Ne4 8. Bxe4 dxe4 {The position is equal.} 9. Ne5 $146 ({Predecessor:} 9. Nh4 c5 10. Nxf5 exf5 11. Bxd6 Qxd6 12. dxc5 Qxc5 13. Nb3 Qc7 14. O-O {0-1 (35) Ismayilov,F (1648)-Abdilkhair,A (2143) Antalya 2019}) 9... f6 10. Nec4 Be7 11. a4 Nc6 12. O-O Qd7 13. c3 a5 14. Qb3 b6 15. Qb5 Rfd8 16. Rfe1 Rac8 17. Red1 g5 18. Re1 h5 {aiming for ...h4.} 19. h4 g4 20. Rad1 Bf8 21. Nf1 (21. Qb3 {seems wilder.} Ne7 22. Na3 Nd5 23. Nb5 c6 24. Na3) 21... Ne7 22. Qxd7 Rxd7 23. Bh2 Ng6 24. Ng3 Nxh4 25. Nxh5 Kf7 26. Nd2 Be7 27. Ng3 Rh8 28. Ngxe4 Bg6 29. Bg3 Nf5 30. f3 (30. Bf4 {feels hotter.} Nh4 31. Rc1 Bh7 32. Bh2 Bg6 33. Red1) 30... gxf3 31. gxf3 Nxg3 32. Nxg3 Bc2 33. Ra1 $1 e5 34. Nde4 Ke6 {...f5 is the strong threat.} 35. Re2 Bb3 36. Nd2 Bc2 37. Nde4 Bb3 38. Nd2 Bc2 39. Nde4 Bb3 40. Nd2 Bd5 41. Rh2 (41. e4 $5 {[%cal Re4d5]} Bb7 42. Nf5 $14) 41... Rxh2 42. Kxh2 exd4 43. exd4 Bd6 {Hoping for ...Rg7.} 44. Re1+ Kf7 45. Kg2 Rd8 46. Nde4 Be7 47. Nf5 Rg8+ 48. Kf2 {And now Nh6+ would win.} Bf8 49. Rh1 Ke6 (49... Bb3 $14) 50. Ne3 Bb3 51. d5+ Kf7 52. Ra1 (52. Rh7+ $14 Rg7 53. Rh4) 52... Rh8 $11 53. Kg2 Bh6 54. Ng4 Bg7 55. Ne3 Rd8 56. Kf2 Bh6 57. Ng4 Bg7 58. Ne3 Bf8 59. Rh1 Kg6 60. Rg1+ Kf7 61. Rh1 (61. f4 {keeps more tension.} Bxa4 62. Rh1 Kg7 63. Kf3 Bd7 64. f5) 61... Bxd5 $2 (61... Kg6 $11 {and Black has nothing to worry.}) 62. Rd1 $1 $18 {[%cal Rd1d5]} Bxe4 63. Rxd8 {[%mdl 4096] Endgame KRN-KB} Bc6 64. Rc8 Bd6 65. Nc4 Bc5+ 66. Kg2 Bxa4 67. Rxc7+ Ke6 68. Rh7 Kd5 69. Nd2 Be3 70. Ne4 (70. Rh4 $18 Bc2 71. Nf1) 70... f5 {[#]} 71. Rh5 (71. Ng3 $1 $16) 71... Ke5 (71... Kc4 $1 $11 72. Rxf5 Kb3) 72. Ng3 Bd7 (72... Bc2 $16 {was necessary.}) 73. Ne2 Bb5 {[#]} 74. Ng3 ({White should try} 74. f4+ $1 $16 Ke4 (74... Bxf4 75. Nxf4) 75. Ng3+ {[%mdl 64] Double Attack} Kd3 76. Nxf5 (76. Rxf5 Bc4 $14) 76... Bxf4 77. Nd4) 74... Bd3 (74... Bd7 $1 $11) 75. Rh8 $16 {Black must now prevent Re8+.} f4 (75... Kd5 $142) 76. Rh5+ Ke6 77. Ne4 Bc1 $2 {[%mdl 8192]} (77... a4 $16 78. Ng5+ Kf6) 78. Rh6+ $18 Ke5 79. Nf2 Bc4 $2 (79... Bc2 80. Rxb6 Kd5) 80. Rxb6 {White is clearly winning.} Kd5 81. b3 Be2 82. Ne4 Be3 83. c4+ Kd4 84. Rd6+ Ke5 85. Rd5+ Ke6 86. Rxa5 {Accuracy: White = 48%, Black = 40%.} 1-0

[Event "RUS-ch Men Rapid 2019"]
[Site "Sochi"]
[Date "2019.10.16"]
[Round "7.21"]
[White "Papenin, Nikolai"]
[Black "Papin, Vasily"]
[Result "1/2-1/2"]
[WhiteElo "2295"]
[BlackElo "2481"]
[Annotator "TA"]
[PlyCount "44"]
[EventDate "2019.10.15"]
[EventType "swiss"]
[EventCountry "RUS"]
[SourceTitle "playchess.com"]
[Source "ChessBase"]
[SourceQuality "1"]

{[%evp 16,44,28,25,35,10,18,21,19,15,20,0,15,21,20,17,14,11,13,18,30,45,48,49,55,54,38,41,36,37,47]} 1. d4 Nf6 2. c4 e6 3. Nc3 Bb4 4. g3 c5 5. Nf3 cxd4 6. Nxd4 Ne4 7. Qd3 Bxc3+ 8. bxc3 Nc5 9. Qf3 d6 {E20: Nimzo-Indian: 4 g3 and 4 f3} 10. Bg2 e5 11. Nb3 Nba6 {The position is equal.} 12. Ba3 Qc7 13. O-O O-O 14. Rfd1 Be6 15. Nxc5 Nxc5 16. Bxc5 Qxc5 17. Qxb7 {[#]} Rac8 $146 ({Predecessor:} 17... Bxc4 18. Qxa8 Rxa8 19. Bxa8 Bxe2 {½-½ (66) Wang,Y (2736)-Gyimesi,Z (2592) Beijing 2008}) 18. Bd5 Bxd5 {White is slightly better.} 19. Qxd5 Qxc4 20. Qxc4 Rxc4 21. Rxd6 Rxc3 22. Rd7 Ra3 1/2-1/2

[Event "RUS-ch Men Rapid 2019"]
[Site "Sochi"]
[Date "2019.10.16"]
[Round "7.22"]
[White "Zakhartsov, Vladimir"]
[Black "Usmanov, Ilnur"]
[Result "1-0"]
[WhiteElo "2514"]
[BlackElo "2144"]
[Annotator "TA"]
[PlyCount "69"]
[EventDate "2019.10.15"]
[EventType "swiss"]
[EventCountry "RUS"]
[SourceTitle "playchess.com"]
[Source "ChessBase"]
[SourceQuality "1"]

{[%evp 12,69,32,14,57,12,25,20,26,0,8,0,11,0,50,39,39,32,41,18,22,29,28,35,32,8,8,8,11,11,11,11,11,12,122,0,0,0,0,0,0,0,0,0,0,0,0,0,0,0,0,0,994,1011,986,950,1537,1432,5389,201]} 1. d4 d5 2. c4 c6 3. Nc3 Nf6 4. Nf3 a6 5. c5 Bf5 6. Bf4 Nbd7 7. e3 g6 {D15: Slav Defence: 4 Nc3 a6 and gambit lines after 4 Nc3 dxc4} (7... Nh5 8. Be5 f6 9. Bg3 e5 10. Be2 Nxg3 11. hxg3 Be6 12. b4 e4 13. Nd2 g6 14. a4 Bg7 15. b5 axb5 16. axb5 {½-½ (33) Korobov,A (2698)-Postny,E (2615) St Petersburg 2018}) 8. Bd3 (8. Qb3 {seems wilder.} Ra7 9. h3 Bg7 10. Be2 Be4 11. O-O) 8... Bxd3 9. Qxd3 Bg7 {The position is equal.} 10. h3 O-O 11. O-O Re8 12. Bh2 h6 $146 ({Predecessor:} 12... Nh5 13. g4 Nhf6 14. Ne5 Nxe5 15. Bxe5 {½-½ (26) Klimov,S (2521)-Mozharov,M (2475) Dagomys 2009}) 13. Rab1 Nh7 14. e4 dxe4 15. Nxe4 Nhf6 16. Nxf6+ Nxf6 17. Qb3 $36 {[%mdl 2048] Black is under pressure.} Qc8 18. Ne5 Nd5 19. Rfe1 Bxe5 20. Bxe5 Qd7 21. Re4 Rad8 22. Rbe1 Nf6 {[#]} (22... Kh7 $11 {remains equal.}) 23. Bxf6 (23. Rh4 $1 $16) 23... exf6 $11 24. Rxe8+ Rxe8 25. Rxe8+ Qxe8 26. Qxb7 $16 {[%mdl 4096] Endgame KQ-KQ} Qe1+ 27. Kh2 Qxf2 28. Qb8+ Kg7 29. Qd6 f5 30. d5 cxd5 31. c6 f4 $2 {[%mdl 8192]} (31... Qxb2 $11 32. c7 Qc1) 32. Qe5+ $18 {White is clearly winning.} Kh7 {[#]} 33. Qc3 $1 d4 34. Qb3 d3 35. Qxf7+ {Accuracy: White = 67%, Black = 52%.} 1-0

[Event "RUS-ch Men Rapid 2019"]
[Site "Sochi"]
[Date "2019.10.16"]
[Round "7.23"]
[White "Mikhailovsky, Vladimir"]
[Black "Lugovskoy, Maxim"]
[Result "0-1"]
[WhiteElo "2209"]
[BlackElo "2436"]
[Annotator "TA"]
[PlyCount "100"]
[EventDate "2019.10.15"]
[EventType "swiss"]
[EventCountry "RUS"]
[SourceTitle "playchess.com"]
[Source "ChessBase"]
[SourceQuality "1"]

{[%evp 9,100,-26,0,-12,0,-8,-7,-5,0,0,4,-1,26,26,31,27,31,39,47,45,48,-27,22,35,40,56,63,33,27,39,35,29,60,60,70,69,60,75,68,76,82,30,41,47,32,42,37,0,28,0,51,21,100,71,108,94,102,-504,-502,-465,-459,-420,-387,-521,-498,-495,-495,-527,-425,-562,-480,-1317,-1318,-1260,-1250,-1181,-1207,-1244,-1235,-5708,-5675,-5210,-5177,-4706,-4702,-29984,-29985,-29985,-29986,-29991,-29992,-29992,-29989]} 1. e4 e6 2. Qe2 c5 3. Nf3 Nc6 4. g3 g6 5. h4 h5 (5... h6 6. Bg2 Bg7 7. O-O Nge7 8. d3 e5 9. c3 d6 10. Nh2 Be6 11. Na3 Qd7 12. Nc2 Bh3 13. Bxh3 Qxh3 {½-½ (46) Naiditsch,A (2701)-Rublevsky,S (2663) Germany 2018}) 6. Bg2 {C00: French: Unusual White 2nd moves} e5 $146 ({Predecessor:} 6... Bg7 7. O-O Nge7 8. c3 O-O 9. d3 d6 10. Bg5 e5 11. a4 Bg4 12. Nbd2 Qd7 {1-0 (31) Borgo,G (2414)-Cazzaniga,W (2116) Milan 2010}) 7. Nc3 d6 8. Nd5 {The position is equal.} Nf6 9. d3 Nxd5 10. exd5 Ne7 11. Nxe5 dxe5 12. Qxe5 f6 13. Qxf6 Rg8 14. O-O {[%mdl 1024] White has compensation.} Bg7 15. Qg5 (15. Qf4 $14) 15... Rf8 16. Re1 Rf6 17. Bf4 {[#] Strongly threatening d6.} Kf7 18. d6 Rxd6 19. Qxc5 Re6 20. Bg5 {And now Bh3 would win.} Bf6 21. Rxe6 Bxe6 22. Bxf6 ({Much worse is} 22. Bxb7 $6 Bd4 $11) 22... Kxf6 23. Re1 Kf7 24. Bxb7 Rb8 25. Qe5 ({White should try} 25. Qe3 $16 Qd6 26. Qxa7) 25... Rxb7 $11 26. Qxe6+ Kg7 27. Qe5+ Kf7 28. Qe6+ Kg7 29. Qe5+ Kf7 $1 30. b3 Qd5 (30... Rc7 $11 {remains equal.}) 31. Qf4+ Kg7 32. Re5 Qf7 {next ...Qxf4 is good for Black.} 33. Qd4 $2 {[%mdl 8192]} (33. Qe4 $16 Nf5 34. c4) 33... Nc6 $1 $19 {[%csl LRd4,LRe5][%mdl 64] [#] Double Attack} 34. Qc3 Nxe5 35. Qxe5+ Qf6 36. Qd5 Rf7 37. Qc5 Kh7 38. b4 Qb6 39. d4 Qxc5 40. dxc5 {[%mdl 4096] Endgame KR-KP} (40. bxc5 $142 Kg7 41. Kf1) 40... Rf3 41. Kf1 Rc3 42. Ke2 a5 {[%cal Ba7a5,Ba5a4,Ba4a3][%mdl 32]} 43. a3 Rxa3 44. b5 Rc3 45. c6 a4 46. Kd2 Rc5 47. c4 Rxc4 {Black mates.} 48. Kd3 Rc1 49. Kd4 a3 50. b6 Rxc6 {Accuracy: White = 44%, Black = 57%.} 0-1

[Event "RUS-ch Men Rapid 2019"]
[Site "Sochi"]
[Date "2019.10.16"]
[Round "7.24"]
[White "Goryachkina, Aleksandra"]
[Black "Gurvich, Vitaly"]
[Result "1/2-1/2"]
[WhiteElo "2575"]
[BlackElo "2278"]
[Annotator "TA"]
[PlyCount "72"]
[EventDate "2019.10.15"]
[EventType "swiss"]
[EventCountry "RUS"]
[SourceTitle "playchess.com"]
[Source "ChessBase"]
[SourceQuality "1"]

{[%evp 23,72,30,35,33,22,16,27,22,14,10,34,21,29,19,61,57,56,65,68,69,60,64,64,70,81,81,77,82,121,111,137,139,133,133,198,173,351,193,231,83,97,0,0,0,0,0,0,0,0,0,0]} 1. e4 c6 2. d4 d5 3. Nd2 dxe4 4. Nxe4 Nf6 5. Nxf6+ exf6 6. c3 Bd6 7. Bd3 O-O 8. Qc2 Re8+ 9. Ne2 Kh8 10. O-O Nd7 11. Bf4 Nf8 12. Bxd6 Qxd6 13. Rfe1 {B15: Caro-Kann: 3 Nc3: 3...g6 and 3...dxe4 4 Nxe4 Nf6 5 Nxf6+ exf6} Be6 14. Qd2 $146 ({Predecessor:} 14. Ng3 Qc7 15. Rad1 Rad8 16. Be4 Qb6 17. b3 Bg4 18. Rc1 Be6 19. Re3 Re7 20. Bf3 {½-½ (21) Chiburdanidze,M (2400)-Utasi,T (2480) Havana 1985}) 14... Ng6 15. b3 {White has an edge.} Rad8 16. Rad1 a5 17. h3 Qd7 18. Nf4 Bf5 19. Bxf5 Qxf5 20. Nxg6+ hxg6 21. Rxe8+ Rxe8 $14 {[%mdl 4096] Endgame KQR-KQR} 22. c4 b6 23. d5 cxd5 24. cxd5 Qd7 25. d6 Rd8 26. Qe3 b5 27. Qb6 a4 {[#]} 28. b4 $1 Rc8 (28... Kh7 $16 {keeps fighting.} 29. a3 f5) 29. Rd5 $18 Qe6 $2 (29... Rd8 30. a3 (30. Qxb5 Qxb5 31. Rxb5 Rxd6 $16) (30. Rxb5 Qxd6 31. Qxd6 Rxd6 $16) 30... g5) 30. Rc5 ({Not} 30. Rxb5 Rc1+ 31. Kh2 Rd1 $14) (30. Qxb5 $142 {Hoping for d7.} Qe1+ 31. Kh2 (31. Qf1 Qxb4 32. Qd1 Kh7 $16) 31... Qxf2 32. Rd1) 30... Rf8 31. Rxb5 ({Resist} 31. Qxb5 $6 Qxd6 32. Qxa4 Qf4 $16) (31. a3 $18 {and White stays clearly on top.}) 31... Qxa2 $16 32. d7 ({White should try} 32. Kh2 $16) 32... Qd2 $11 {The position is equal.} 33. Qc7 {[#] Black must now prevent Rb8.} Kh7 $1 34. Ra5 Rd8 35. Qxd8 Qc1+ 36. Kh2 {Threatening mate with Qb8.} Qf4+ {[%mdl 64] Double Attack. Accuracy: White = 44%, Black = 50%.} 1/2-1/2